| 000 | 004880000a22002290004500 | ||
|---|---|---|---|
| 082 |
_aN954.26 _bT565k _cN |
||
| 518 | _a2008-03-18 | ||
| 530 | _aM | ||
| 100 | _aThapa, Rajeshwar | ||
| 245 | _aKaji Janaral Amarsimha Thapa | ||
| 260 |
_aKathmandu _bBandhu Thapa, Nepal |
||
| 260 | _c2060 B.S. | ||
| 300 | _a65p. | ||
| 041 | _aNep | ||
| 365 | _aRs.100.00 | ||
| 650 | _aHistory | ||
| 650 | _aWar | ||
| 650 | _aAdministrator | ||
| 651 | _aNepal | ||
| 015 | _aNNB | ||
| 942 | _cGEN | ||
| 999 |
_c44017 _d44017 |
||